Normal view
MARC view
- القيسي، نوري حمودي
Entry Personal Name
001 - CONTROL NUMBER
- control field: 40768
003 - CONTROL NUMBER IDENTIFIER
- control field: JO-AjAnu
005 - DATE AND TIME OF LATEST TRANSACTION
- control field: 20230606080754.0
008 - FIXED-LENGTH DATA ELEMENTS
- fixed length control field: 230606|| aca||aabn | a|a d
040 ## - CATALOGING SOURCE
- Original cataloging agency: JO-AjAnu
- Transcribing agency: JO-AjAnu
100 ## - HEADING--PERSONAL NAME
- Personal name: القيسي، نوري حمودي
670 ## - SOURCE DATA FOUND
- Source citation: Work cat.: (JO-AjAnu)20896: القيسي، نوري حمودي, author, محاولات في دراسة إجتماع الأدب